Microfinance revolution: its effects, innovations, and challenges /

Na minha lista:
Detalhes bibliográficos
Autor principal: Kono, Hisaki
Outros Autores: Takahashi, Kazushi
Formato: Texto
Tags: Adicionar Tag
Sem tags, seja o primeiro a adicionar uma tag!

MARC

LEADER 00000 a a2200000 04500
001 40849
003
040
100 |a Kono, Hisaki  
245 |a Microfinance revolution:   |b its effects, innovations, and challenges /  |c Hisaki Kono ; Kazushi Takahashi  
700 |a Takahashi, Kazushi  
773 |g volumen48, número1 (2010), páginas 15-73  
999 |c 22642  |d 22642